000 00599ntaaa2200205 4500
003 01
005 20251027202224.0
008 0714s1973 ag 01
040 _aAR-BaBN
_bspa
_cAR-BaBN
_eaacr
_dRIC
082 _a268.0000 R36
100 _aRice, Lilian Moore
245 _aMejor enseñanza bíblica para los primarios en la escuela dominical
250 _a1 ed.
260 _aEl Paso :
_bCasa Bautista de Publicaciones,
_cc1957
300 _a167 p
650 _aescuela dominical-primarios
650 _aprimarios-escuela dominical
_920717
650 _aeducacion religiosa
_94601
942 _cBK
999 _c17075
_d17075